| 000 | 01395cam a2200157 4500500 | ||
|---|---|---|---|
| 005 | 20260208005722.0 | ||
| 041 | _afre | ||
| 042 | _adc | ||
| 100 | 1 | 0 |
_aCotoni, Marie-hélène _eauthor |
| 245 | 0 | 0 | _aGENEVIÈVE ARTIGAS-MENANT, Du secret des clandestins à la propagande voltairienne. Paris, Honoré Champion, « Libre pensée et littérature clandestine », n° 13,2001. Un vol. 15,5 × 22,5 de 440 p. |
| 260 | _c2003. | ||
| 500 | _a91 | ||
| 520 | _aLe monde moderne est-il pensable sans le roman ? Le roman est-il pensable sans le monde moderne? Répondre « non » à ces deux questions signifie s’engager à donner des explicatins. Il romanzo de Franco Moretti fait l’un et l’autre, et s’en donne les moyens, dans une impressionnante œuvre collective en cinq volumes, avec plus de deux cents collaborateurs, qui est en cours de publication chez Einaudi, à Turin.A ce jour, les deux premiers volumes sont parus, le troisième est sous presse. Cet article expose les ambitions intellectuelles et les principes de composition de cette somme théorique et critique sur le roman, analysé comme phénomène culturel majeur de notre temps. | ||
| 786 | 0 | _nRevue d'histoire littéraire de la France | 103 | 1 | 2003-03-01 | p. 193e-239e | 0035-2411 | |
| 856 | 4 | 1 | _uhttps://shs.cairn.info/revue-d-histoire-litteraire-de-la-france-2003-1-page-193e?lang=fr&redirect-ssocas=7080 |
| 999 |
_c1653447 _d1653447 |
||